Organic Chemistry Vol-II (Record no. 9152)

MARC details
000 -LEADER
fixed length control field 00442nam a22001577a 4500
003 - CONTROL NUMBER IDENTIFIER
control field OSt
008 - FIXED-LENGTH DATA ELEMENTS--GENERAL INFORMATION
fixed length control field 201118b ||||| |||| 00| 0 eng d
020 ## - INTERNATIONAL STANDARD BOOK NUMBER
International Standard Book Number 9788177585414
100 ## - MAIN ENTRY--PERSONAL NAME
Personal name Finar, I.L.
245 ## - TITLE STATEMENT
Title Organic Chemistry Vol-II
Remainder of title Volume 2: Stereochemistry and the Chemistry Natural Products
250 ## - EDITION STATEMENT
Edition statement 23rd Ed.
260 ## - PUBLICATION, DISTRIBUTION, ETC. (IMPRINT)
Place of publication, distribution, etc New Delhi
Name of publisher, distributor, etc Pearson Education India
Date of publication, distribution, etc 2019
300 ## - PHYSICAL DESCRIPTION
Extent 956p.
650 ## - SUBJECT ADDED ENTRY--TOPICAL TERM
Topical term or geographic name as entry element B.SC.SCIENCE
942 ## - ADDED ENTRY ELEMENTS (KOHA)
Source of classification or shelving scheme Dewey Decimal Classification
Koha item type Text Books
Holdings
Withdrawn status Lost status Source of classification or shelving scheme Damaged status Not for loan Collection code Home library Current library Date acquired Source of acquisition Currency Cost, normal purchase price Bill Number Total Checkouts Acc. no. / Barcode Date last seen Actual Cost, discounted price Bill Date Koha item type
    Dewey Decimal Classification     B.Sc Non Medical PIET NCR College Library PIET NCR College Library 18/11/2020 Kirti Prakashan IN Rupees 999.00 IN255   N236 18/11/2020 30.00 05/08/2020 Text Books
    Dewey Decimal Classification     B.Sc Non Medical PIET NCR College Library PIET NCR College Library 18/11/2020 Kirti Prakashan IN Rupees 999.00 IN255   N237 18/11/2020 30.00 05/08/2020 Text Books
    Dewey Decimal Classification     B.Sc Non Medical PIET NCR College Library PIET NCR College Library 18/11/2020 Kirti Prakashan IN Rupees 999.00 IN255   N238 18/11/2020 30.00 05/08/2020 Text Books

Design & Developed by: PIET Central Library
R70 Miles Stone Pattikalyana Samalkha Panipat 132102
mail ID :- [email protected], Phone No:- 0180-2569700 Ex.216